Estatísticas para Principais autores de novelas da Globo

Clique aqui para jogar o quiz

Estatísticas Gerais

  • Esse quiz foi jogado 36 vezes
  • A pontuação média é 8 de 15

Estatísticas das Respostas

#NovelaAutor% Correto
10Caminho das ÍndiasGlória Perez
90%
12Páginas da VidaManoel Carlos
87%
14Senhora do DestinoAguinaldo Silva
74%
17O Rei do GadoBenedito Ruy Barbosa
68%
13Rainha da SucataSilvio de Abreu
68%
13Chocolate com PimentaWalcyr Carrasco
68%
19Dancin' DaysGilberto Braga
58%
17O AstroJanete Clair
58%
13O Bem-AmadoDias Gomes
55%
9VampAntônio Calmon
42%
12Que Rei Sou Eu?Cassiano Gabus Mendes
35%
11O Salvador da PátriaLauro César Muniz
26%
12Fera FeridaRicardo Linhares
26%
20Top ModelWalther Negrão
19%
9O Sheik de AgadirGlória Magadan
16%

Distribuição das Pontuações

Percentil de Números Respondidos

Porcentagem de Pessoas com Cada Pontuação

Sua Pontuação Histórica

Você não jogou esse quiz